Fr. Conceicao Rodrigues College of Engineering

Executive Decisions (Record no. 33021)

MARC details
000 -LEADER
fixed length control field 00330nam a2200157Ia 4500
082 ## - DEWEY DECIMAL CLASSIFICATION NUMBER
Classification number 658.403
Item number JOH
100 ## - MAIN ENTRY--PERSONAL NAME
Personal name Johnson/ Rossall J
250 ## - EDITION STATEMENT
Edition statement 2
245 ## - TITLE STATEMENT
Title Executive Decisions
260 ## - PUBLICATION, DISTRIBUTION, ETC.
Name of publisher, distributor, etc. South West Pub
Date of publication, distribution, etc. 1970
300 ## - PHYSICAL DESCRIPTION
Extent 627
546 ## - LANGUAGE NOTE
Language note ENGLISH
654 ## - SUBJECT ADDED ENTRY--FACETED TOPICAL TERMS
Focus term executive decisions
942 ## - ADDED ENTRY ELEMENTS (KOHA)
Koha item type BOOK
Holdings
Withdrawn status Lost status Damaged status Not for loan Collection Home library Current library Date acquired Total Checkouts Full call number Barcode Date last seen Price effective from Koha item type
        CRC Fr. Agnel's C.Rodrigues College of Engineering Fr. Agnel's C.Rodrigues College of Engineering 17/03/2023   658.403 JOH 11399 17/03/2023 17/03/2023 BOOK